10 państw najbliżej Watykanu - Statystyki

Ogólne statystyki
  • Ten quiz został rozwiązany 306 razy
  • Średni wynik to 9 z 10
Statystyki odpowiedzi
km Państwo % Poprawnych
0 Włochy
99%
240 Francja
96%
220 San Marino
93%
311 Chorwacja
92%
514 Szwajcaria
91%
407 Słowenia
90%
568 Austria
89%
664 Malta
82%
434 Bośnia i Hercegowina
81%
457 Monako
76%
Nie znaleziono quizów pasujących do podanych kryteriów
Rozkład punktacji
Procent ludzi z każdym wynikiem
Percentyl według liczby udzielonych odpowiedzi
Twoja historia wyników
Nie rozwiązałeś tego quizu